Statistics for FIFA 15 Ultimate Team Countries With 11 Players or More

Click here to take the quiz!

General Stats

  • This quiz has been taken 494 times
    (465 since last reset)
  • The average score is 45 of 78

Answer Stats

# of PlayersCountry% Correct
1,334England
94%
687Germany
92%
714Spain
92%
409Argentina
91%
339Brazil
91%
321United States
87%
812France
86%
513Italy
86%
250Portugal
86%
197Australia
79%
283Belgium
79%
232Chile
79%
31Japan
79%
181Russia
78%
402Ireland
77%
400Netherlands
76%
357Sweden
76%
38Canada
73%
327Mexico
73%
279Scotland
73%
96Wales
73%
188Colombia
72%
319South Korea
71%
254Austria
70%
282Denmark
70%
349Poland
70%
81Uruguay
70%
70South Africa
69%
194Switzerland
65%
75Ivory Coast
64%
277Norway
64%
33Finland
63%
38Algeria
62%
78Nigeria
62%
258Turkey
62%
76Croatia
60%
86Ghana
60%
58Greece
60%
24New Zealand
60%
13Peru
59%
20Egypt
58%
42Paraguay
58%
103Serbia
57%
42Slovakia
56%
24Ukraine
56%
46Bosnia & Herzegovina
55%
33Slovenia
55%
41Czech Republic
54%
46Iceland
54%
30Albania
53%
68Cameroon
53%
21Ecuador
53%
21Hungary
51%
53Morocco
51%
82Northern Ireland
50%
21Bulgaria
49%
294Saudi Arabia
49%
30Costa Rica
48%
35Romania
48%
24Venezuela
47%
17Honduras
44%
19Tunisia
40%
88Senegal
39%
14Belarus
38%
35DR Congo
36%
43Jamaica
36%
19Montenegro
36%
17Israel
35%
12Lithuania
33%
21FYR Macedonia
30%
41Mali
30%
12Gabon
29%
11Panama
29%
22Guinea
21%
13Georgia
20%
12Trinidad & Tobago
17%
18Burkina Faso
15%
15Cape Verde
8%

Score Distribution

Percentile by Number Answered

Percent of People with Each Score

Your Score History

You have not taken this quiz since the last reset